004410000a2200181000450000500170000010000200001724500470003726000430008430000090012704000080013636500080014465000130015265000330016565000160019865000140021465000200022865000110024820120302053214.0 a Masani, Rustom a Religion of the good life: Zoroastrianism aLondon:bGeorge Allen and Unwin,c1938 a189p aENG bRs. aReligion aReligion Life-Zoroastrianism aAhura Mazda aCosmology aSeven Immortals aRitual